000 02427cam a22005774i 4500
003 PE-LiUPU
005 20250731165456.0
008 150623s r 000 0 d
020 _a185075604X
035 _a(Sirsi) i9781850756040
040 _aPE-LiUPU
_bspa
_cPE-LiUPU
_erda
049 _aPRUA
082 0 4 _a225.077
_bJ
_221
100 1 _aDavis, Carl Judson,
_eautor.
245 1 4 _aThe name and way of the Lord :
_bold Testament themes, New Testament Christology /
_cCarl Judson Davis.
264 1 _aMidsomer Norton, Bath, Great Britain :
_bSheffield Academic Press,
_c1996.
300 _a227 páginas ;
_c22 centímetros
336 _atext
_2rdacontent
337 _aunmediated
_2rdamedia
338 _avolume
_2rdacarrier
490 0 _aJournal for the study of the N.T. Supplement Series ;
_v129
504 _aBibliografía: p. 183-200.
505 0 _aIntroduction. -Some pre-and post-Christian parallels: an assessment of their significance. -Isaiah 40.3 in the New Testament. -Joel 2.32 [3.5] a in the New Testament. -Other important data. -Salvation history, invocation and revelation of God and points of contac between Isaiah 40.3 and Joel 2.32 [3.5] a. -Conclusions. -Apendix.
526 _aSEG44
526 _aSEG26
526 _aP151
526 _aP150
526 _aP149
526 _aP146
526 _aP145
526 _aP126
526 _aP125
526 _aP92
526 _aP75
526 _aP74
526 _aP27
526 _aP15
600 1 _aJesucristo
_xDivinidad
600 1 _aJesucristo
_xHistoria de las doctrinas
_yIglesia Primitiva, ca. 30-600
600 1 _aJesucristo
_xPersona y oficio
630 _aBiblia.
_pN.T.
_xCrítica, interpretación, etc.
630 _aBiblia.
_pN.T.
_xRelación con Isaías.
630 _aBiblia.
_pN.T.
_xRelación con Joel.
630 _aMonoteísmo
_xEnseñanza Bíblica.
942 _2ddc
_cBOOK
949 _aRC 225.077 J 129
_wDEWEY
_c1
_i45042
_lCCODEBUL1
_mBUL
_r0
_sY
_tBOOK
_u2015-6-24
_xTEOLOGIA
_PP35
_0COMPRA
_o.CIRCNOTE. No olvidar cambiar la fecha de devolución!!!!!!!
_o.STAFF. Colección General
994 _aC0
_bPEPRU
596 _a1
999 _aRC 225.077 J 129
_wDEWEY
_c21923
_i45042
_f2021-11-8
_g5
_lCCODEBUL1
_mBUL
_r1
_sY
_tBOOK
_u2015-6-24
_xTEOLOGIA
_PP35
_0COMPRA
_o.CIRCNOTE. No olvidar cambiar la fecha de devolución!!!!!!!
_o.STAFF. Colección General
_d21923
980 _81
_gALBERTO SANCHEZ Responsable de Automatización